| 000 | 006150000a22001090004500 | ||
|---|---|---|---|
| 100 | 1 | _aCepeda, José Alejandro | |
| 245 | 1 | 0 | _aEl efecto pelanga |
| 300 | _aVol.0, núm.22 (Julio, 2007), Páginas 36-37 | ||
| 520 | _aUna nueva escena musical parece estar tomándose los bares bogotanos: artistas plásticos que ofician de músicos hacen un revival nostálgico de los viejos éxitos del chucuchucu colombiano. Los escenarios siempre están llenos, y con su ritmo de otro tiempo bailan punks, chicos electrónicos o rumberos de más de treinta años. | ||
| 773 | 0 | _tArcadia / Andrés Felipe Solano, Editor | |
| 942 | _cANA | ||
| 999 |
_c62282 _d62282 |
||